| Tag |
First Indicator |
Second Indicator |
Subfields |
| LEADER |
00000cam a2200000 4500 |
| 001 |
in00000038050 |
| 005 |
20151007080808.0 |
| 008 |
720308s1943 eng u |
| 010 |
|
|
|a 43003345
|
| 035 |
|
|
|a (OCoLC)00259105
|
| 035 |
|
|
|9 AAF5392AM
|
| 040 |
|
|
|c MSC
|d OCL
|d TXA
|d UtOrBLW
|
| 049 |
|
|
|a TXAM
|c [116734]
|
| 050 |
|
0 |
|a PJ5129.R2
|b Z8
|
| 092 |
|
|
|a 296
|b S193w
|
| 100 |
1 |
|
|a Samuel, Maurice,
|d 1895-1972.
|
| 245 |
1 |
4 |
|a The world of Sholom Aleichem.
|
| 264 |
|
1 |
|a New York :
|b Knopf,
|c 1943.
|
| 300 |
|
|
|a vi,331p. ;
|c 22cm.
|
| 336 |
|
|
|a text
|b txt
|2 rdacontent
|
| 337 |
|
|
|a unmediated
|b n
|2 rdamedia
|
| 338 |
|
|
|a volume
|b nc
|2 rdacarrier
|
| 586 |
|
|
|a Anisfield-Wolf Award, 1944
|
| 600 |
1 |
0 |
|a Sholem Aleichem,
|d 1859-1916.
|
| 650 |
|
0 |
|a Jews
|z Soviet Union.
|
| 999 |
|
|
|a MARS
|
| 999 |
f |
f |
|s a6fdf1c6-8025-3940-a1cf-0d8efa2683bf
|i ef30d935-0b92-3e9d-97ea-94b811704dce
|t 0
|
| 952 |
f |
f |
|p ric
|a Texas A&M University
|b Rellis Campus
|c Joint Library Facility
|d Remote Storage
|t 0
|e PJ5129.R2 Z8
|h Library of Congress classification
|i unmediated -- volume
|m A14800630250
|
| 998 |
f |
f |
|a PJ5129.R2 Z8
|t 0
|l Remote Storage
|